| 000 | 00789nam a2200205 i 4500 | ||
|---|---|---|---|
| 001 | 20696 | ||
| 003 | ES-MaACL | ||
| 005 | 20230906152339.0 | ||
| 007 | t| | ||
| 008 | 021115s1976 sp ||||1| spa d | ||
| 245 | 0 | 0 |
_aActas de la Comisión de Constitución, (1811-1813) / _cestudio preliminar por Mª Cristina Diz-Lois ; coordinador Federico Suárez. |
| 260 |
_aMadrid : _bInstituto de Estudios Políticos, _c1976. |
||
| 300 |
_a287 p. ; _c22 cm. |
||
| 500 | _aPrecede a tít: Seminario de Historia Moderna (Universisad de Navarra) | ||
| 700 | 1 |
_aDiz-Lois, María Cristina. _944912 |
|
| 700 | 1 |
_aSuárez, Federico. _9108558 |
|
| 710 | 2 |
_aUniversidad de Navarra. _bSeminario. _97258 |
|
| 710 | 2 |
_aInstituto de Estudios Políticos (Madrid) _94924 |
|
| 852 |
_aES-MaACL _jA-6085 _bR.95150 |
||
| 999 |
_c20696 _d20696 |
||